Formel-1-Rennstrecken - Statistiken

Allgemein
  • Dieses Quiz wurde 297 mal gespielt
  • Das Durchschnittsergebnis liegt bei 12 aus 20
Antwortstatistiken
Bildquiz Antwort % Korrekt
Bahrain International Circuit - as-Sachir
82%
Autodromo nazionale di Monza - Monza
77%
Circuit de Monaco - Monaco
76%
Red Bull Ring - Spielberg
76%
Baku City Circuit - Baku
67%
Circuit de Barcelona-Catalunya - Barcelona
67%
Circuit de Spa-Francorchamps - Spa
66%
Suzuka International Racing Course - Suzuka
64%
Hungaroring - Budapest
59%
Autodromo Hermanos Rodríguez - Mexiko-Stadt
57%
Miami International Autodrome - Miami
57%
Marina Bay Street Circuit - Singapur
56%
Silverstone Circuit - Silverstone
56%
Yas Marina Circuit - Abu Dhabi
54%
Autódromo José Carlos Pace - São Paulo
53%
Circuit of the Americas - Austiin
51%
Circuito Gilles-Villeneuve - Montréal
51%
Circuit Park Zandvoort - Zandvoort
49%
Albert Park Circuit - Melbourne
48%
Lusail International Circuit - Doha
28%
Keine übereinstimmenden Quizze gefunden
Verteilung der Resultate
Anzahl Personen mit jedem Resultat
Perzentil nach korrekt beantworteten Fragen
Ihre Resultats-Entwicklung
Sie haben dieses Quiz noch nicht gespielt